000 004480000a22001810004500
003 MACL
005 20160124115800.0
008 160124b xxu||||| |||| 00| 0 eng d
040 _aMACL
_cMACL
041 _aEnglish
082 _a620.543/SHA
100 _aSharma, Dr H P
_934408
245 _aMadhya pradesh PET At a Glance
260 _bUpkar Prakashan
_aAgra
350 _a280
650 _aEngineering
_934409
942 _cBK
_k620.543/SHA
_2ddc
999 _c33132
_d33132